[Event "82nd Armenian Men Championship 2022"]
[Site "Yerevan"]
[Date "2022.01.12"]
[Round "1.1"]
[White "Harutyunyan, Tigran K."]
[Black "Shahinyan, David"]
[Result "*"]
[WhiteElo "2552"]
[BlackElo "2486"]
[Annotator "TA"]
[PlyCount "25"]
[EventDate "2022.01.12"]
[EventType "tourn"]
[EventCountry "ARM"]
[SourceTitle "playchess.com"]
[Source "ChessBase"]
[SourceQuality "1"]

{[%evp 10,25,66,42,44,11,12,29,60,30,21,10,34,6,0,-18,16,12]} 1. d4 {[%cal Bd2d4,Bd4d5][%mdl 32]} Nf6 2. c4 c5 3. d5 g6 4. Nc3 Bg7 5. e4 d6 6. Be2 e6 {E73: King's Indian: Averbakh Variation without 6...c5.} 7. Be3 exd5 8. cxd5 Qa5 {[#] White must now prevent ...Nxe4. White has an edge.} 9. f3 O-O {[#]} 10. a4 $146 ({Predecessor:} 10. Qd2 a6 11. g4 b5 12. Nd1 Qd8 13. Nh3 h5 14. Nhf2 hxg4 15. fxg4 Re8 16. Bg5 {0-1 (36) Romero Perera,E (2187)-Martorell Aubanell,A (2266) Santa Eulalia de Roncana 2014}) 10... a6 11. Kf2 Nbd7 12. Nh3 Qb4 13. Qc2 {Weighted Error Value: White=0.24 (precise) /Black=0.12 (very precise)} *

[Event "82nd Armenian Men Championship 2022"]
[Site "Yerevan"]
[Date "2022.01.12"]
[Round "1.1"]
[White "Gharibyan, Mamikon"]
[Black "Gabuzyan, Hovhannes"]
[Result "0-1"]
[WhiteElo "2467"]
[BlackElo "2589"]
[Annotator "TA"]
[PlyCount "74"]
[EventDate "2022.01.12"]
[EventType "tourn"]
[EventCountry "ARM"]
[SourceTitle "playchess.com"]
[Source "ChessBase"]
[SourceQuality "1"]

{[%evp 10,74,71,41,45,21,17,22,53,25,29,-6,28,-7,0,-17,0,0,0,-6,0,-83,-83,-78,-66,-186,-190,-184,-196,-183,-175,-191,-167,-196,-183,-171,-171,-170,-191,-184,-191,-179,-183,-188,-183,-186,-186,-179,-188,-190,-198,-182,-189,-894,-440,-420,-363,-431,-416,-421,-414,-29977,-485,-1175,-407,-425,-410]} 1. d4 {[%cal Bd2d4,Bd4d5][%mdl 32]} Nf6 2. c4 c5 3. d5 g6 4. Nc3 Bg7 5. e4 d6 6. Be2 e6 {E73: King's Indian: Averbakh Variation without 6...c5.} 7. Be3 exd5 8. cxd5 Qa5 $5 {[%mdl 4] The position is equal. A promising side line.} 9. f3 O-O {[#]} 10. a4 $146 ({Predecessor:} 10. Qd2 a6 11. g4 b5 12. Nd1 Qd8 13. Nh3 h5 14. Nhf2 hxg4 15. fxg4 Re8 16. Bg5 {0-1 (36) Romero Perera,E (2187)-Martorell Aubanell,A (2266) Santa Eulalia de Roncana 2014}) 10... a6 11. Kf2 Nbd7 12. Nh3 Qb4 13. Qc2 Ne5 14. a5 {Strongly threatening Ra4.} b5 {Prevents Ra4.} 15. Nf4 (15. axb6 $1 $11 {keeps the balance.} Bd7 16. Rhb1 (16. Bxa6 Nfg4+ 17. fxg4 Nxg4+ 18. Kf3 Qxb6 $11) (16. Rxa6 Rxa6 17. Bxa6 Nh5 $11)) 15... Nh5 $1 $17 {Black is more active. White is now going downhill.} 16. Nxh5 gxh5 17. Nxb5 axb5 $19 18. Bd2 Qd4+ 19. Be3 {[#]} Ng4+ $1 {[%mdl 512]} 20. fxg4 Qf6+ ({And not} 20... Qxb2 21. Qxb2 Bxb2 22. Ra2 $14 (22. gxh5 f5 $17)) 21. Kg3 Bxg4 22. Bxg4 Qg6 {[%mdl 64] And now ...f5 would win. Pin} 23. h3 {[%cal Oe3f4]} Rfe8 24. Kf3 hxg4+ 25. hxg4 {[#]} Bxb2 $1 {[%mdl 512]} 26. Rab1 {Hoping for Rh6.} Bd4 27. Rxb5 Bxe3 28. Kxe3 Qxg4 {Chess con chili.} 29. Rh3 {To avoid Qg3+} h5 $1 (29... f5 30. Kf2 Rxe4 31. Qd3 Qf4+ 32. Rf3 $15) 30. Kf2 {Threatens to win with Rg3.} Rxe4 $40 {[%mdl 128] aiming for ...Rae8. Black goes for the king.} 31. a6 $2 (31. Qd3 h4 32. Rf3) 31... Qf4+ (31... Rae8 $142 32. Rb2 Qf4+ 33. Rf3 Qh4+ 34. Rg3+ Kh7) 32. Rf3 Qh4+ 33. Rg3+ {[#]} Rg4 $1 ({Worse is} 33... Kf8 34. Qb2 Qf4+ 35. Rf3 Qh4+ 36. Rg3 Qf4+ 37. Rf3 Qh4+ 38. Rg3 $11) 34. Rbb3 Rxa6 35. Qb2 {[#]} (35. Rbf3 $19) 35... Ra8 (35... Rb6 $142 $3 {[%mdl 512]} 36. Qb1 Rxb3 37. Qxb3 c4 38. Qb8+ Kh7 39. Qb1+ Kh6 40. Qc1+ Rf4+ 41. Qxf4+ Qxf4+ 42. Rf3 Qd4+ 43. Ke1 c3 44. Rxf7 Qd2+ 45. Kf1 c2 46. Rc7 c1=Q+ 47. Rxc1 Qxc1+ 48. Kf2 Qd2+ 49. Kf3 Kg5 50. g4 hxg4+ 51. Ke4 g3 52. Kf3 Qe1 53. Kg2 Qf2+ 54. Kh3 Qh2#) 36. Rbf3 (36. Qc3 $142 Kh7 37. Kg1) 36... Qg5 (36... f5 $142 {[%cal Of5f4] ( -> ...f4!)} 37. Qd2 Kh7) 37. Qc2 Qxd5 {Weighted Error Value: White=0.71/Black=0.50} 0-1

[Event "82nd Armenian Men Championship 2022"]
[Site "Yerevan"]
[Date "2022.01.12"]
[Round "1.2"]
[White "Martirosyan, Haik M."]
[Black "Petrosian, Tigran L."]
[Result "*"]
[WhiteElo "2621"]
[BlackElo "2573"]
[Annotator "TA"]
[PlyCount "32"]
[EventDate "2022.01.12"]
[EventType "tourn"]
[EventCountry "ARM"]
[SourceTitle "playchess.com"]
[Source "ChessBase"]
[SourceQuality "1"]

{[%evp 14,32,18,6,14,0,0,0,7,0,36,34,36,15,12,0,0,0,18,18,20]} 1. e4 e5 2. Nf3 Nc6 3. Bc4 Bc5 4. d3 Nf6 5. Nbd2 O-O 6. O-O d6 7. c3 a6 {7...a5 is more fashionable.} 8. Bb3 Re8 {C54: Giuoco Piano: 4 c3 Nf6, main lines with 5 d4 and 5 d3.} 9. h3 h6 10. Re1 Be6 11. Bc2 Qd7 {[%cal Oe6h3]} 12. Nf1 d5 13. exd5 Bxd5 {[#] The position is equal.} 14. b4 $146 ({Predecessor:} 14. Ng3 Rad8 15. b4 Bf8 16. a4 b5 17. Be3 Qc8 18. axb5 axb5 19. Nd2 Ne7 20. Nge4 {1-0 (50) Annaberdiev,M (2496)-Jumabayev,R (2602) Ashkhabad 2017}) 14... Bd6 15. Ng3 Rad8 16. a4 b5 {Weighted Error Value: White=0.05 (flawless) /Black=0.08 (flawless)} *

[Event "82nd Armenian Men Championship 2022"]
[Site "Yerevan"]
[Date "2022.01.12"]
[Round "1.2"]
[White "Andriasian, Zaven"]
[Black "Pashikian, Arman"]
[Result "1/2-1/2"]
[WhiteElo "2578"]
[BlackElo "2606"]
[Annotator "TA"]
[PlyCount "85"]
[EventDate "2022.01.12"]
[EventType "tourn"]
[EventCountry "ARM"]
[SourceTitle "playchess.com"]
[Source "ChessBase"]
[SourceQuality "1"]

{[%evp 14,85,30,10,23,10,7,8,6,11,27,35,29,10,8,4,5,0,20,13,18,0,0,0,0,0,0,-15,-14,-14,-15,-20,-28,-21,-10,-9,-9,-16,-8,-20,0,-45,-44,-44,-52,-56,-53,-62,-43,-44,-25,-25,-17,-27,0,0,0,-38,-16,-43,-39,-60,-39,-102,-31,-77,-41,-37,-39,-82,0,-32,0,-80]} 1. e4 e5 2. Nf3 Nc6 3. Bc4 Bc5 4. d3 Nf6 5. Nbd2 O-O 6. O-O d6 7. c3 a6 {7...a5 might become the main line.} 8. Bb3 Re8 {C54: Giuoco Piano: 4 c3 Nf6, main lines with 5 d4 and 5 d3.} 9. h3 h6 10. Re1 Be6 11. Bc2 Qd7 {[%cal Oe6h3]} (11... d5 12. Qe2 Qd7 13. exd5 Nxd5 14. Nc4 f6 15. Be3 Nxe3 16. Nxe3 f5 17. b4 Bd6 18. Bb3 Bxb3 19. axb3 Qf7 20. Nh4 {0-1 (35) Andriasian,Z (2631)-Pashikian,A (2609) Martuni 2013}) 12. Nf1 d5 13. exd5 Bxd5 {[#]} 14. b4 $146 ({Predecessor:} 14. Ng3 Rad8 15. b4 Bf8 16. a4 b5 17. Be3 Qc8 18. axb5 axb5 19. Nd2 Ne7 20. Nge4 {1-0 (50) Annaberdiev,M (2496)-Jumabayev,R (2602) Ashkhabad 2017}) 14... Bd6 15. Ng3 Rad8 16. a4 b5 17. axb5 axb5 18. Ne4 Nxe4 19. dxe4 Be6 20. Be3 {[#]} Bxh3 $1 21. gxh3 Qxh3 {[%cal Od6b4]} 22. Bd3 $1 {aiming for Nh2.} Re6 23. Bf1 Rg6+ 24. Ng5 $1 Qh4 {[%mdl 64] Threatens to win with ...Be7. Pin} 25. Qd5 Rxg5+ 26. Bxg5 {Chess con chili.} Qxg5+ 27. Bg2 (27. Kh2 $1 $11 Qh5+ 28. Bh3) 27... Ne7 $15 {[%cal Bc6e7,Be7g6,Bg6f4][%mdl 32]} 28. Qxb5 Ng6 29. Re3 $1 Nf4 {[%csl Gf4][%cal Rg5g2][%mdl 1024] Black has compensation.} 30. Rg3 Qf6 {[%cal Oc7c6]} 31. Bf1 h5 32. Qc6 Qe7 33. Ra8 Rxa8 34. Qxa8+ Kh7 $1 35. Qc6 g6 36. Kh1 Kg7 37. Qc4 Qd8 38. Qa2 {[#]} (38. Qb5 $1 $15) 38... Qd7 (38... Be7 $1 $17 {Hoping for ...Qd1.} 39. Qc2 Qd7) 39. Qd2 (39. Qa5 $15 {might be stronger.}) 39... Qa4 40. Re3 Be7 41. Rf3 (41. Re1 $15) 41... Bd6 ({Black should try} 41... Qc6 $17) 42. Re3 Be7 (42... Bf8 $15 {is more appropriate.}) 43. Rf3 {Weighted Error Value: White=0.12 (very precise) /Black=0.10 (very precise)} 1/2-1/2

[Event "82nd Armenian Men Championship 2022"]
[Site "Yerevan"]
[Date "2022.01.12"]
[Round "1.3"]
[White "Sargsyan, Shant"]
[Black "Petrosyan, Manuel"]
[Result "*"]
[WhiteElo "2628"]
[BlackElo "2620"]
[Annotator "TA"]
[PlyCount "48"]
[EventDate "2022.01.12"]
[EventType "tourn"]
[EventCountry "ARM"]
[SourceTitle "playchess.com"]
[Source "ChessBase"]
[SourceQuality "1"]

{[%evp 11,48,29,38,25,29,-16,33,31,29,38,36,28,36,22,33,35,38,37,25,20,35,33,42,44,36,39,38,40,44,30,32,36,32,32,41,33,61,64,52]} 1. d4 Nf6 2. c4 e6 3. Nf3 d5 4. Nc3 c5 5. cxd5 cxd4 6. Qxd4 exd5 7. e4 {D41: Queen's Gambit Declined: Semi-Tarrasch with 5 cxd5.} dxe4 {now scores much better than the old 7...Nc6.} 8. Qxd8+ Kxd8 9. Ng5 {[%csl LRe4,LRf7]} Be6 10. Nxe6+ fxe6 11. Bg5 h6 12. O-O-O+ Ke7 $1 13. Bxf6+ gxf6 14. Nxe4 Bg7 15. Ng3 (15. Bb5 {looks sharper.} f5 16. Nd6 Nc6 17. Bxc6 bxc6 18. Rhe1) 15... f5 16. Bd3 {aiming for Rhe1.} Nc6 17. Rhe1 {And now Nxf5+ would win.} Be5 {[#]} 18. Nxf5+ $1 exf5 19. f4 $1 {[%mdl 64] Pin} Rad8 {[%cal Oe7e6]} 20. fxe5 Rhf8 21. Re3 {White is slightly better.} Rd5 {[#]} 22. Bc2 $146 ({Predecessor:} 22. Rf1 f4 23. Rh3 Nxe5 24. Re1 Rf6 25. Be4 Rc5+ 26. Kb1 b6 27. b4 Rc4 28. a3 {½-½ (41) Nepomniachtchi,I (2792)-So,W (2770) chess24.com INT 2021}) 22... Rxe5 23. Rb3 b6 24. Rc3 Rf6 {Weighted Error Value: White=0.00 (flawless) /Black=0.03 (flawless)} *

[Event "82nd Armenian Men Championship 2022"]
[Site "Yerevan"]
[Date "2022.01.12"]
[Round "1.3"]
[White "Mikaelyan, Arman"]
[Black "Ter-Sahakyan, Samvel"]
[Result "1/2-1/2"]
[WhiteElo "2508"]
[BlackElo "2637"]
[Annotator "TA"]
[PlyCount "275"]
[EventDate "2022.01.12"]
[EventType "tourn"]
[EventCountry "ARM"]
[SourceTitle "playchess.com"]
[Source "ChessBase"]
[SourceQuality "1"]

{[%evp 11,275,31,18,32,40,0,35,42,43,35,39,34,39,41,29,40,38,36,53,22,36,27,49,34,41,43,35,40,45,36,44,42,36,43,39,38,46,48,52,45,48,41,85,89,77,90,80,85,75,75,63,59,52,52,59,59,62,45,46,52,72,63,67,68,67,72,68,64,68,71,73,62,62,62,79,76,79,78,88,39,44,44,66,26,18,18,36,18,34,34,35,8,18,10,18,10,18,0,0,0,8,8,10,10,29,29,29,29,31,33,72,48,47,8,24,20,18,18,74,73,74,70,72,0,72,0,72,72,202,175,175,185,174,181,179,8,428,429,1237,1174,987,976,1370,1325,1189,213,213,213,610,133,460,95,106,106,203,208,202,121,121,19,18,16,14,0,0,0,0,0,0,0,0,0,8,0,0,0,0,0,0,0,0,0,0,0,0,0,0,0,0,0,0,0,8,8,8,8,8,8,8,8,8,0,8,8,8,8,8,8,8,8,8,8,8,8,8,0,0,0,0,0,0,0,0,0,8,8,8,8,8,8,8,0,0,0,8,8,8,8,8,0,8,8,8,0,8,8,8,0,8,0,0,0,0,0,0,0,8,0,0,0,0,0,8,8,8,8]} 1. d4 Nf6 2. c4 e6 3. Nf3 d5 4. Nc3 c5 5. cxd5 cxd4 6. Qxd4 exd5 7. e4 {D41: Queen's Gambit Declined: Semi-Tarrasch with 5 cxd5.} dxe4 $1 {[%mdl 4] outshines the older 7...Nc6.} 8. Qxd8+ Kxd8 9. Ng5 {[%csl LRe4,LRf7] White is slightly better.} Be6 10. Nxe6+ fxe6 11. Bg5 h6 12. O-O-O+ Ke7 $1 13. Bxf6+ gxf6 14. Nxe4 Bg7 15. Ng3 (15. Bb5 {keeps more tension.} f5 16. Nd6 Nc6 17. Bxc6 bxc6 18. Rhe1) 15... f5 16. Bd3 Nc6 17. Rhe1 Be5 $1 {[#]} 18. Nxf5+ $1 exf5 19. f4 $1 {[%mdl 64] Pin} Rad8 {[%cal Oe7e6]} 20. fxe5 Rhf8 21. Re3 $36 {[%mdl 2048] White is pushing.} Rd5 {[#]} 22. Bc2 $5 $146 {[%mdl 8] New and interesting.} ({Predecessor:} 22. Rf1 f4 23. Rh3 Nxe5 24. Re1 Rf6 25. Be4 Rc5+ 26. Kb1 b6 27. b4 Rc4 28. a3 {½-½ (41) Nepomniachtchi,I (2792)-So,W (2770) chess24.com INT 2021}) 22... Rxe5 23. Rb3 b6 24. Rc3 Rf6 25. Rcd3 Kf8 26. Rd7 Re7 (26... Ree6 $14) 27. R1d6 $16 Rxd6 28. Rxd6 {[%mdl 4096] Endgame KRB-KRN} Nb4 29. Bxf5 {g4 is the strong threat.} Nxa2+ 30. Kd2 Rf7 31. g4 h5 32. h3 hxg4 33. hxg4 Nb4 34. Kc3 Na6 35. Kd4 Nc7 {Strongly threatening ...Nb5+.} 36. Ke5 Re7+ 37. Kf4 Ne8 38. Rd8 {And now Bg6 would win.} Kg7 {To avoid Bg6} 39. g5 {To avoid Nf6} Nc7 40. Kg4 Ne6 41. Rd6 Nf8 42. Rc6 Rb7 43. Kf3 Re7 44. Kf4 Kf7 45. Bd3 ({White should play} 45. b4 $16) 45... Ne6+ $14 46. Kg4 Kg7 47. Rd6 Nf8 48. Kf5 Rc7 49. Ke5 Rc5+ 50. Kf4 Rc1 51. Rd5 Re1 52. Kf3 Re7 53. Bf5 Ng6 54. Kg4 Ne5+ 55. Kh5 Re8 56. Kh4 Ng6+ 57. Kg4 Ne5+ 58. Kg3 Re7 59. b3 Ng6 60. Rd6 Nf8 61. Kf4 Rc7 62. Ke5 Rc3 63. b4 Rc4 64. b5 Rb4 (64... Rc5+ $11 {keeps the balance.} 65. Rd5 Rc4) 65. Bd3 $16 {White is more active.} Rb3 66. Kd4 Rb4+ $1 67. Ke5 (67. Kd5 $5 {[%cal Rd6c6]}) 67... Rb3 $1 68. Kd4 {Prevents Rc3.} (68. Ke4 $5 {[%cal Rd6c6]}) 68... Rb4+ $1 69. Kd5 Rb3 (69... Rg4 $16 {was necessary.}) 70. Kc6 $1 $18 Ra3 71. Kb7 $1 Kf7 72. Bc4+ $1 Kg7 73. Rc6 $2 (73. Kb8 $1 $18) 73... Ng6 $2 {[%mdl 8192]} (73... Nh7 $1 $11 {and Black is okay.}) 74. Rc7+ Kf8 (74... Kh8 $142 75. Bf7 Ne5) 75. Rf7+ Ke8 76. Rf6 Ne7 77. g6 {Threatens to win with g7.} Rg3 78. Kxa7 $2 (78. Rf1 Nxg6 79. Kxa7) 78... Kd7 79. Kxb6 Nxg6 $2 {[#]} (79... Rxg6 80. Rxg6 Nxg6) 80. Bd5 $2 (80. Bd3 $1 $18 {[%cal Rd3f5][%mdl 512] and the rest is easy.}) 80... Ne5 $2 {[%mdl 8192]} (80... Ke7 $16 {is more resistant.} 81. Rc6 Rg5) 81. Bc6+ $2 (81. Kc5 $18 {is the precise move to win.}) 81... Ke7 $16 82. Rh6 Rb3 (82... Nc4+ $16 {might work better.} 83. Kc5 Rc3) 83. Kc7 $18 {Black must now prevent b6.} Nc4 {To avoid b6} 84. Rh4 ({White should try} 84. Rh5 $18) 84... Rc3 $16 85. Rd4 (85. Rh7+ $16 Ke6 86. Rh5) 85... Na3 $1 $11 {( -> ...Nxb5+). The position is equal.} 86. Re4+ Kf6 87. Kd6 Rd3+ 88. Kc5 {Hoping for b6.} Rc3+ 89. Kb4 Nxb5 $1 90. Bxb5 {KRB-KR} Rc7 91. Bc4 Re7 92. Rd4 Ke5 93. Rd5+ Ke4 94. Kc3 Rg7 95. Rd8 Rg3+ 96. Bd3+ Ke5 97. Kc4 Rg4+ 98. Kc5 Rg1 99. Re8+ Kf6 100. Kd6 Rg3 101. Be4 Rg7 102. Re6+ Kg5 103. Ke5 Kg4 104. Re8 Rg5+ 105. Kd4 Ra5 106. Rf8 Kg5 107. Bd5 Ra4+ 108. Ke5 Ra5 109. Rg8+ Kh5 110. Rg1 Rb5 111. Ke4 Kh6 112. Be6 Rg5 113. Ra1 Kg6 114. Ra6 Rg1 115. Bc4+ Kg5 116. Bd3 Rg3 117. Rd6 Kh4 118. Ke5 Kg4 119. Be4 Kg5 120. Rd8 Rg4 121. Rd3 Rg1 122. Rf3 Rg4 123. Rf1 Rg3 124. Rf7 Rg4 125. Bf3 {Rg7+ would kill now.} Rg3 126. Rf8 Kh6 127. Kf4 Rg6 128. Be4 Kg7 129. Ra8 Re6 130. Kf5 Rf6+ 131. Kg5 Rg6+ 132. Kf4 Rf6+ 133. Ke5 Rf8 134. Ra6 Re8+ 135. Kf5 Rf8+ 136. Kg5 Kf7 137. Ra8 Rxa8 138. Bxa8 {Black escapes into a draw.  Weighted Error Value: White=0.04 (flawless) /Black=0.05 (flawless)} 1/2-1/2

[Event "82nd Armenian Men Championship 2022"]
[Site "Yerevan"]
[Date "2022.01.12"]
[Round "1.4"]
[White "Sargsyan, Shant"]
[Black "Petrosyan, Manuel"]
[Result "1/2-1/2"]
[WhiteElo "2628"]
[BlackElo "2620"]
[Annotator "TA"]
[PlyCount "81"]
[EventDate "2022.01.12"]
[EventType "tourn"]
[EventCountry "ARM"]
[SourceTitle "playchess.com"]
[Source "ChessBase"]
[SourceQuality "1"]

{[%evp 18,81,8,14,10,0,4,0,0,0,15,1,16,0,16,2,24,20,23,25,21,12,32,9,26,12,29,11,22,8,18,19,18,8,8,8,8,8,8,1,11,14,40,51,43,43,42,41,60,64,54,40,49,4,11,0,0,0,37,0,0,0,0,0,2,0]} 1. d4 Nf6 2. c4 e6 3. g3 d5 4. Bg2 Be7 5. Nf3 O-O 6. O-O dxc4 7. Qc2 a6 8. a4 Bd7 9. Qxc4 Bc6 10. Bf4 Bd6 {E05: Open Catalan: 5 Nf3 Be7.} 11. Qc1 a5 12. Bd2 Nbd7 13. Nc3 Ne4 {[#]} 14. Rd1 $146 ({Predecessor:} 14. Nxe4 Bxe4 15. Ng5 Bxg2 16. Qc2 Nf6 17. Kxg2 c5 18. Bc3 cxd4 19. Bxd4 Rc8 20. Qb1 {½-½ (40) Meier,G (2628)-Kovalev,V (2655) Dortmund 2018}) 14... Nxd2 15. Qxd2 Nf6 16. Qc2 Bb4 17. Ne5 Bxg2 18. Kxg2 c6 19. e4 Qe7 20. Nc4 Rfd8 21. Rac1 h6 22. Qe2 Nd7 {[%cal Bf6d7,Bd7b8,Bb8a6,Ba6c7,Bc7d5][%mdl 32]} 23. e5 Nb8 24. Ne4 Na6 25. h4 Nc7 26. Qg4 Nd5 27. Ne3 {[%cal Bc4e3,Be3g4,Bg4e5][%mdl 32]} Kh8 28. Rd3 Rd7 29. Qh5 f5 30. exf6 Nxf6 31. Nxf6 Qxf6 32. Ng4 Qf5 33. Qxf5 exf5 34. Ne5 Rd5 35. h5 (35. Rcd1 $14 {might be stronger.}) 35... Kg8 $11 36. f4 Rad8 37. Rcd1 Kf8 38. Kf3 Ke7 {The position is equal.} 39. Nc4 Kf6 40. Nb6 R5d6 41. Nc4 {Weighted Error Value: White=0.09 (flawless) /Black=0.08 (flawless)} 1/2-1/2

[Event "82nd Armenian Men Championship 2022"]
[Site "Yerevan"]
[Date "2022.01.12"]
[Round "1.4"]
[White "Mikaelyan, Arman"]
[Black "Ter-Sahakyan, Samvel"]
[Result "*"]
[WhiteElo "2508"]
[BlackElo "2637"]
[Annotator "TA"]
[PlyCount "41"]
[EventDate "2022.01.12"]
[EventType "tourn"]
[EventCountry "ARM"]
[SourceTitle "playchess.com"]
[Source "ChessBase"]
[SourceQuality "1"]

{[%evp 18,41,16,9,10,0,4,7,4,4,16,0,16,0,12,0,20,16,16,18,17,8,22,23,24,9]} 1. d4 Nf6 2. c4 e6 3. g3 d5 4. Bg2 Be7 5. Nf3 O-O 6. O-O dxc4 7. Qc2 a6 8. a4 Bd7 9. Qxc4 Bc6 10. Bf4 Bd6 {E05: Open Catalan: 5 Nf3 Be7.} 11. Qc1 a5 12. Bd2 Nbd7 {The position is equal.} 13. Nc3 Ne4 {[#]} 14. Rd1 $146 ({Predecessor:} 14. Nxe4 Bxe4 15. Ng5 Bxg2 16. Qc2 Nf6 17. Kxg2 c5 18. Bc3 cxd4 19. Bxd4 Rc8 20. Qb1 {½-½ (40) Meier,G (2628)-Kovalev,V (2655) Dortmund 2018}) 14... Nxd2 15. Qxd2 Nf6 16. Qc2 Bb4 17. Ne5 Bxg2 18. Kxg2 c6 19. e4 Qe7 20. Nc4 Rfd8 21. Rac1 {An even fight not without its subleties.  Weighted Error Value: White=0.06 (flawless) /Black=0.07 (flawless)} *

[Event "82nd Armenian Men Championship 2022"]
[Site "Yerevan"]
[Date "2022.01.12"]
[Round "1.5"]
[White "Martirosyan, Haik M."]
[Black "Petrosian, Tigran L."]
[Result "1-0"]
[WhiteElo "2621"]
[BlackElo "2573"]
[Annotator "TA"]
[PlyCount "79"]
[EventDate "2022.01.12"]
[EventType "tourn"]
[EventCountry "ARM"]
[SourceTitle "playchess.com"]
[Source "ChessBase"]
[SourceQuality "1"]

{[%evp 23,79,34,31,28,34,27,41,42,52,49,101,100,107,98,93,97,102,107,108,103,88,86,93,95,136,95,114,118,165,179,219,219,285,279,283,270,273,244,284,153,147,0,295,301,309,295,410,410,408,408,527,305,588,563,1360,1326,1450,1301]} 1. d4 d5 2. c4 dxc4 3. Nf3 Nf6 4. e3 e6 5. Bxc4 c5 6. O-O a6 7. b3 cxd4 8. Nxd4 Be7 9. Bb2 O-O 10. Be2 Bd7 11. Nd2 Nc6 12. Bf3 Rc8 13. Nc4 {[#] D27: Queen's Gambit Accepted: Classical main line: 7 e4!? and 7 a4.} Nd5 $146 ({Predecessor:} 13... b5 14. Nxc6 Bxc6 15. Qxd8 Bxd8 16. Bxc6 bxc4 17. Bb7 Rb8 18. Bxa6 cxb3 19. Be5 Rb6 20. axb3 Rxb3 {½-½ (30) Adhiban,B (2639)-Nakamura,H (2745) Douglas 2019}) 14. Rc1 Nxd4 15. Qxd4 {[%csl Gb2][%cal Rd4g7] White is slightly better.} Bf6 16. Qd2 Bb5 ({Better is} 16... Bc6 $14) 17. Rfd1 $16 Bxb2 18. Qxb2 Qg5 19. Rd4 Qf6 20. Qd2 Rc7 (20... Bxc4 $2 21. bxc4 Nc7 22. Bxb7 $16) 21. Rd1 h6 22. h3 Bc6 23. Na5 (23. Bxd5 Bxd5 24. Nb6 Bc6 $14) 23... Rfc8 (23... Bb5 $142) 24. Rc1 ({Don't play} 24. Bxd5 $6 Bxd5 25. e4 Rc2 $11) (24. e4 $142 Ne7 25. Rd8+ Kh7 26. Rxc8 Rxc8 {[#]} 27. Nxb7 $1 {[%mdl 512]}) 24... g6 25. Rdc4 {[%cal Oa5b7]} Kg7 {[#]} (25... Qe7 $16) 26. Nxb7 $1 $18 {[%mdl 512]} Rxb7 (26... Bxb7 27. Rxc7) 27. Rxc6 Rd8 28. Rxa6 Rbd7 29. Qe1 Qb2 {[%cal Od5b4]} 30. Ra4 {To avoid Nb4} Nb6 31. Rb4 ({White should try} 31. Rb1 $18 Qd2 32. Qxd2 Rxd2 33. Ra7) 31... Nd5 $16 32. Ra4 (32. Rb1 $16 Qxa2 33. Ra4) 32... Nf6 $2 {[%mdl 8192]} (32... Nb6 $1 $11 {and Black is okay.}) 33. Rb1 $18 Qc2 34. Qc1 Rd2 35. Qxc2 Rxc2 36. b4 {[%cal Bb3b4,Bb4b5,Bb5b6,Bb6b7][%mdl 32]} Rc4 37. Ra8 Rd2 (37... Rxa8 38. Bxa8 Nd7) 38. b5 {Threatens to win with b6. White is clearly winning.} e5 39. b6 e4 {[#]} 40. b7 $1 {Weighted Error Value: White=0.22 (precise) /Black=0.55} 1-0

[Event "82nd Armenian Men Championship 2022"]
[Site "Yerevan"]
[Date "2022.01.12"]
[Round "1.5"]
[White "Andriasian, Zaven"]
[Black "Pashikian, Arman"]
[Result "*"]
[WhiteElo "2578"]
[BlackElo "2606"]
[Annotator "TA"]
[PlyCount "40"]
[EventDate "2022.01.12"]
[EventType "tourn"]
[EventCountry "ARM"]
[SourceTitle "playchess.com"]
[Source "ChessBase"]
[SourceQuality "1"]

{[%evp 16,23,18,25,32,23,18,18,33,29]} 1. d4 d5 2. c4 dxc4 3. Nf3 Nf6 4. e3 e6 5. Bxc4 c5 6. O-O a6 7. b3 cxd4 8. Nxd4 Be7 9. Bb2 O-O {D27: Queen's Gambit Accepted: Classical main line: 7 e4!? and 7 a4.} 10. Be2 Bd7 11. Nd2 Nc6 12. Bf3 {[#] Black did not feel at home in the position after the opening.  Weighted Error Value: White=0.00 (flawless) /Black=0.00 (flawless)} {Predecessor:} Rc8 $146 13. Rc1 Nxd4 14. Bxd4 Bb5 15. Nc4 Bxc4 16. bxc4 b6 17. Qa4 Bc5 18. Rfd1 Qc7 19. Qxa6 Rfd8 20. Qb5 Nd7 {½-½ (48) Nihal,S (2620)-Vachier Lagrave,M (2784) Chess.com INT 2020} *